000 00776nam a2200253Ia 4500
003 OSt
005 20221005093552.0
006 a|||||r|||| 00| 0
007 ta
008 221004b |||||||| |||| 00| 0 eng d
020 _a9789350298978 (hbk)
_cINR 699.00
024 _a64714
037 _b1749, 17/12/2019, Bright Book Service
_cTextual
040 _aCRL
_cCRL
_beng
041 _2eng
_aeng
082 _aV247, Q2
100 _aSnedden Christopher Au.
_936036
245 0 _aKashmir the unwritten history
260 _aNoida
_bHarper Collins Pub India
_c2013
300 _axix,435p.
_ccm.
650 _aKASHMIR - HISTORY
942 _hV247, Q2
_cTEXL
_2cc
999 _c1000626
_d1000626